000 00674nam a2200289Ia 4500
005 20260324131616.0
008 008 260324s9999 xx 000 0 eng d
020 _a9780203965726
037 _aEBOOK
040 _aCRL
040 _beng
040 _cCRL
041 _2eng
041 _aeng
084 _qCRL
100 _aHelene Sjursen
_91186152
245 0 _aQuestioning EU Enlargement
245 0 _bEurope in Search of Identity
260 _bTaylor and Francis
260 _c2006
365 _a
365 _b240
856 _uhttp://www.taylorfrancis.com/books/9780203965726
942 _cEBOOK
999 _c1783477
_d1783477